01541nam a2200301 a 4500001001000000003000900010005001700019007000300036008004100039040002600080082003300106110002700139240002600166245010400192250001200296260006400308300002000372505044300392590002600835650002500861650008000886651000600966710006500972910001501037942001201052952015801064999001701222000005381DO-SdBNP20220331074758.0ta090819s2002 dr r 001 0 spa d aDO-SdBNPbspacBPMSU  4a346.72930134bR426L 20022222 aRepública Dominicana aLeyes, decretos, etc.10aLey 24-97 :bsobre violencia intrafamiliar /cpresentación Yadira Henríquez de Sánchez Baret. a6a. ed. aSanto Domingo :bSecretaría de Estado de la Mujer,c2002. a53 p. ;c22 cm. aLas agresiones sexuales 20 -- Otras agresiones sexuales 23 -- Atentados contra la personalidad y la dignidad de la persona 26 -- De los atentados a niños, niñas y adolescentes. Atentados a la filiación 30 -- Abandono y maltrato de niños, niños y adolescentes 32 -- Secuestro, traslado, ocultamiento de niños, niñas y adolescentes 26 -- Atentados al ejercicio de la autoridad del padre y la madre 35 -- Abandono de familia 40 aInventariado, 2022/VM 4aDerechos de la mujer 4aLey no. 24-97 xViolencia conyugalxLegislación zRepública Dominicana  a 2 a Secretaría de Estado de la Mujer (República Dominicana) aVMateo V.  2ddccBK 00102ddc40708CDaBPMETbBPMETd2022-03-30eMaritza Pérez Gimbernardl0oBPMSU CD 346.72930134 R426L 2002pBPMSU22030130r2022-03-30w2022-03-30yBK c14129d14129